| 000 | 00455nam a2200169Ia 4500 | ||
|---|---|---|---|
| 003 | LK-CoDNM | ||
| 008 | 010623t2002 xxu||||| |||| 00| 1 eng d | ||
| 040 |
_aLK-CoDNM _dLK-CoDNM _eLK-CoDNM |
||
| 041 | _aeng | ||
| 080 |
_a351.778.5 _bARU |
||
| 100 | _aArunathilake, Nisha | ||
| 245 | _aThe effect of housing on labour performance in eststes | ||
| 260 |
_bProgramme support group _c2002 |
||
| 300 | _b(iii)16, 28s cm | ||
| 650 | _aResults | ||
| 942 | _cBK | ||
| 999 |
_c121816 _d121816 |
||